[Event "BCF-chT2d 0809 (4NCL) Demotion pool"]
[Site "Hinckley Island"]
[Date "2009.03.22"]
[Round "8.1"]
[White "Wippermann, Till"]
[Black "Bucknell, Malcolm Gordon"]
[Result "1-0"]
[WhiteElo "2456"]
[BlackElo "2175"]
[PlyCount "65"]
[EventDate "2008.10.04"]
[EventType "team-tourn"]
[EventRounds "4"]
[EventCountry "ENG"]
[SourceTitle "EXT 2010"]
[Source "ChessBase"]
[SourceDate "2010.11.25"]
[SourceVersion "1"]
[SourceVersionDate "2010.11.25"]
[SourceQuality "1"]
[WhiteTeam "Celtic Tigers"]
[BlackTeam "Anglian Avengers"]
[WhiteTeamCountry "ENG"]
[BlackTeamCountry "ENG"]

1. e4 c6 2. d4 d5 3. e5 Bf5 4. Nd2 e6 5. Nb3 h6 6. Nf3 Nd7 7. Be2 Ne7 8. 0-0 Bh7 9. h3 Rc8 10. c3 a6 11. a4 Nf5 12. c4 Be7 13. Bd2 dxc4 14. Bxc4 0-0 15. Ba5 b6 16. Bc3 a5 17. Qe2 g5 18. Nfd2 Bb4 19. Ne4 Bxc3 20. bxc3 Kh8 21. g4 Nh4 22. Nd6 Ng6 23. Nxc8 Qxc8 24. Nc1 Nf4 25. Qf3 f6 26. exf6 e5 27. f7 e4 28. Qe3 Nf6 29. Ne2 Nxg4 30. hxg4 Qxg4+ 31. Qg3 Nxe2+ 32. Bxe2 Qxe2 33. Qe5# 1-0

[Event "BL2-Sued 0809"]
[Site "Germany"]
[Date "2009.03.15"]
[Round "8.1"]
[White "Ikonnikov, Vyacheslav"]
[Black "Wippermann, Till"]
[Result "1-0"]
[WhiteElo "2570"]
[BlackElo "2455"]
[PlyCount "137"]
[EventDate "2008.10.05"]
[EventType "team-tourn"]
[EventRounds "9"]
[EventCountry "GER"]
[SourceTitle "CBM 129 Extra"]
[Source "ChessBase"]
[SourceDate "2009.05.05"]
[SourceVersion "2"]
[SourceVersionDate "2009.05.20"]
[SourceQuality "1"]
[WhiteTeam "Heidelberg Handschuhsheim"]
[BlackTeam "Heidelberg Kirchheim"]
[WhiteTeamCountry "GER"]
[BlackTeamCountry "GER"]

1. d4 Nf6 2. Nf3 e6 3. c4 d5 4. Nc3 dxc4 5. e4 Bb4 6. e5 Nd5 7. Bd2 Nb6 8. Be2 Nc6 9. Bg5 Qd5 10. 0-0 Bxc3 11. bxc3 Qa5 12. Qc2 Qa4 13. Qe4 Nd5 14. Rfc1 Na5 15. Nd2 Bd7 16. Qh4 Bc6 17. Qh5 h6 18. a3 Rf8 19. Bd1 Qb5 20. Rab1 Qa6 21. Be3 0-0-0 22. Be2 b6 23. Bf1 f5 24. exf6 Nxf6 25. Qe2 Bd5 26. Bf4 Qb7 27. f3 Qc6 28. Be5 Rd7 29. Rb4 g5 30. Qe3 Nh5 31. Be2 Nf4 32. Bd1 Rdf7 33. Ba4 Qb7 34. Bxf4 Rxf4 35. Bb5 a6 36. Bxc4 Nxc4 37. Nxc4 Bxc4 38. Rxc4 Qd5 39. Rb4 g4 40. fxg4 Rxg4 41. Rb2 Rgf4 42. Re2 R8f6 43. Qd3 Kb7 44. Ra1 a5 45. a4 Qc6 46. Qc2 Qc4 47. h3 Ka7 48. Qd2 Qxa4 49. Rxe6 Qc4 50. Re2 R4f5 51. Qc2 Rb5 52. Re8 Rd6 53. Qe4 Qc6 54. Qd3 Rb2 55. Rg8 Rd8 56. Rg6 Rd6 57. Rg8 Re6 58. Rf1 Ree2 59. d5 Qc5+ 60. Kh1 Rbd2 61. Qh7 Re7 62. Qxh6 Qxd5 63. Qf8 Rh7 64. Kg1 Rc2 65. Qb8+ Ka6 66. Qc8+ Ka7 67. Qb8+ Ka6 68. Qc8+ Kb5 69. Rf5 1-0

[Event "BL2-Sued 0809"]
[Site "Germany"]
[Date "2009.03.01"]
[Round "7.1"]
[White "Wippermann, Till"]
[Black "Krasenkow, Michal"]
[Result "0-1"]
[WhiteElo "2455"]
[BlackElo "2620"]
[PlyCount "96"]
[EventDate "2008.10.05"]
[EventType "team-tourn"]
[EventRounds "9"]
[EventCountry "GER"]
[SourceTitle "CBM 129 Extra"]
[Source "ChessBase"]
[SourceDate "2009.05.05"]
[SourceVersion "2"]
[SourceVersionDate "2009.05.20"]
[SourceQuality "1"]
[WhiteTeam "Heidelberg Kirchheim"]
[BlackTeam "Baden-Baden II"]
[WhiteTeamCountry "GER"]
[BlackTeamCountry "GER"]

1. e4 c5 2. Nf3 e6 3. d4 cxd4 4. Nxd4 Nf6 5. Nc3 Nc6 6. Ndb5 d6 7. Bf4 e5 8. Bg5 a6 9. Na3 b5 10. Nd5 Be7 11. Bxf6 Bxf6 12. c4 b4 13. Nc2 a5 14. g3 0-0 15. h4 Be6 16. Bg2 Bxd5 17. cxd5 Nb8 18. Ne3 Na6 19. Rc1 Rc8 20. 0-0 Rxc1 21. Qxc1 Nc5 22. Nc4 g6 23. Qe3 Be7 24. f4 exf4 25. Qxf4 a4 26. Qd2 b3 27. axb3 Nxb3 28. Qb4 Nc5 29. Qc3 Nd7 30. Qb4 Qa8 31. Ra1 Qa7+ 32. Kh2 Nc5 33. Qb6 Qxb6 34. Nxb6 Rb8 35. Nxa4 Ra8 36. b3 Nxb3 37. Rb1 Nd2 38. Rb4 Bf6 39. Bh3 Re8 40. Bg2 Rc8 41. Nb2 Rc3 42. Nd1 Ra3 43. Nf2 Be5 44. Nh1 Kg7 45. Rb7 Nc4 46. Rb1 Ne3 47. Re1 Ng4+ 48. Kh3 Nf2+ 0-1

[Event "GER-ch 80th"]
[Site "Saarbruecken"]
[Date "2009.02.14"]
[Round "9"]
[White "Beikert, Guenther"]
[Black "Wippermann, Till"]
[Result "1-0"]
[WhiteElo "2470"]
[BlackElo "2456"]
[PlyCount "67"]
[EventDate "2009.02.06"]
[EventType "swiss"]
[EventRounds "9"]
[EventCountry "GER"]
[SourceTitle "CBM 128 Extra"]
[Source "ChessBase"]
[SourceDate "2009.03.05"]
[SourceVersion "2"]
[SourceVersionDate "2009.03.25"]
[SourceQuality "1"]

1. e4 c5 2. Nf3 Nc6 3. d4 cxd4 4. Nxd4 g6 5. Be2 Bg7 6. Nb3 Nf6 7. Nc3 d6 8. 0-0 0-0 9. Re1 b6 10. Bf1 Bb7 11. Nd5 Rc8 12. c3 e6 13. Nxf6+ Bxf6 14. Bf4 Ne5 15. Qd2 Qc7 16. Rad1 Rfd8 17. Bg5 Qe7 18. Bxf6 Qxf6 19. f4 Nc4 20. Qf2 e5 21. Bxc4 Rxc4 22. fxe5 Qxe5 23. Nd2 Rc7 24. Nf3 Qf6 25. Rd4 Re8 26. Qg3 Re6 27. Rxd6 Rxd6 28. e5 Qf5 29. exd6 Qc5+ 30. Nd4 Rd7 31. Re5 Qc8 32. Nf5 Kh8 33. Qe3 Rd8 34. Re8+ 1-0

[Event "GER-ch 80th"]
[Site "Saarbruecken"]
[Date "2009.02.10"]
[Round "5"]
[White "Zierke, Oliver"]
[Black "Wippermann, Till"]
[Result "1/2-1/2"]
[WhiteElo "2300"]
[BlackElo "2456"]
[PlyCount "155"]
[EventDate "2009.02.06"]
[EventType "swiss"]
[EventRounds "9"]
[EventCountry "GER"]
[SourceTitle "CBM 128 Extra"]
[Source "ChessBase"]
[SourceDate "2009.03.05"]
[SourceVersion "2"]
[SourceVersionDate "2009.03.25"]
[SourceQuality "1"]

1. d4 Nf6 2. Nf3 e6 3. Bg5 h6 4. Bxf6 Qxf6 5. e4 d6 6. Nc3 Bd7 7. Qd2 g5 8. e5 Qd8 9. 0-0-0 g4 10. Ng1 dxe5 11. dxe5 Nc6 12. f4 gxf3 13. Nxf3 Qe7 14. Ne4 0-0-0 15. Qc3 Qb4 16. Qe3 Qa5 17. Bc4 Bg7 18. Nc5 Qb6 19. Rhe1 Ne7 20. Qa3 Nc6 21. Nxd7 Rxd7 22. Rxd7 Kxd7 23. Qd3+ Kc8 24. Bb3 Qb4 25. c3 Qf4+ 26. Kb1 Nxe5 27. Nxe5 Bxe5 28. Rf1 Qxh2 29. Rxf7 Qg1+ 30. Qf1 Qxf1+ 31. Rxf1 Kd7 32. Re1 Kd6 33. Rd1+ Ke7 34. Re1 Kf6 35. Rf1+ Kg5 36. Bxe6 Bf4 37. Bd5 b6 38. Kc2 h5 39. Bf3 h4 40. Rd1 Re8 41. Rd4 Re3 42. Rd5+ Kg6 43. Rd4 Kf5 44. Rd5+ Kf6 45. Rd4 Bg3 46. Kd2 Re1 47. Bb7 Ra1 48. a4 Rf1 49. Re4 Kf5 50. Re8 Bf4+ 51. Kd3 Rd1+ 52. Kc2 Rd2+ 53. Kb3 Be5 54. Re7 Kf4 55. Rf7+ Kg3 56. Rf3+ Kh2 57. Rh3+ Kg1 58. Rxh4 Bg3 59. Rh7 a5 60. Rf7 Kh2 61. Rf5 Kg1 62. Rh5 Kf2 63. Rb5 Rd6 64. Rf5+ Kg1 65. Bf3 Rd2 66. Rd5 Rxd5 67. Bxd5 Kf2 68. Kc4 Ke3 69. b4 Be1 70. bxa5 bxa5 71. g4 Kf4 72. Be6 Ke5 73. Bc8 Bd2 74. Kd3 Bg5 75. Bb7 Bc1 76. Bf3 Bg5 77. c4 c5 78. Bb7 1/2-1/2

[Event "GER-ch 80th"]
[Site "Saarbruecken"]
[Date "2009.02.07"]
[Round "2"]
[White "Wippermann, Till"]
[Black "Khenkin, Igor"]
[Result "0-1"]
[WhiteElo "2456"]
[BlackElo "2644"]
[PlyCount "112"]
[EventDate "2009.02.06"]
[EventType "swiss"]
[EventRounds "9"]
[EventCountry "GER"]
[SourceTitle "CBM 128 Extra"]
[Source "ChessBase"]
[SourceDate "2009.03.05"]
[SourceVersion "2"]
[SourceVersionDate "2009.03.25"]
[SourceQuality "1"]

1. e4 Nf6 2. e5 Nd5 3. d4 d6 4. c4 Nb6 5. exd6 exd6 6. Nc3 Nc6 7. Be3 Be7 8. Bd3 0-0 9. Nge2 Nb4 10. b3 Bg5 11. 0-0 Bg4 12. Qd2 Bxe3 13. fxe3 Nxd3 14. Qxd3 Bxe2 15. Qxe2 Qe7 16. Rae1 Rae8 17. Qh5 g6 18. Qh6 c5 19. Qf4 f5 20. a4 a6 21. Qg3 Qf6 22. Qf4 Re6 23. Qf2 Rfe8 24. Re2 cxd4 25. exd4 Rxe2 26. Nxe2 Qe6 27. Nf4 Qe3 28. Qxe3 Rxe3 29. Rf3 Re4 30. d5 a5 31. h3 Nd7 32. Ne6 b6 33. Kf2 Nc5 34. Nxc5 bxc5 35. g4 fxg4 36. Rf6 gxh3 37. Rxd6 h2 38. Kg2 Re2+ 39. Kh1 g5 40. Rh6 Kg7 41. Rxh2 Rxh2+ 42. Kxh2 Kf6 43. Kg3 h5 44. Kh3 Ke5 45. Kg3 Kf5 46. Kh3 h4 47. Kg2 g4 48. Kh2 g3+ 49. Kh3 Kg5 50. Kg2 Kg4 51. d6 h3+ 52. Kh1 Kf3 53. d7 Kf2 54. d8Q g2+ 55. Kh2 g1Q+ 56. Kxh3 Qg3# 0-1

[Event "BL2-Sued 0809"]
[Site "Germany"]
[Date "2009.02.01"]
[Round "6.1"]
[White "Vavrak, Peter"]
[Black "Wippermann, Till"]
[Result "1/2-1/2"]
[WhiteElo "2475"]
[BlackElo "2455"]
[PlyCount "203"]
[EventDate "2008.10.05"]
[EventType "team-tourn"]
[EventRounds "9"]
[EventCountry "GER"]
[SourceTitle "CBM 129 Extra"]
[Source "ChessBase"]
[SourceDate "2009.05.05"]
[SourceVersion "2"]
[SourceVersionDate "2009.05.20"]
[SourceQuality "1"]
[WhiteTeam "Muenchen Tarrasch"]
[BlackTeam "Heidelberg Kirchheim"]
[WhiteTeamCountry "GER"]
[BlackTeamCountry "GER"]

1. d4 Nf6 2. c4 e6 3. Nc3 Bb4 4. Qc2 d5 5. cxd5 Qxd5 6. Nf3 Qf5 7. Qb3 c5 8. a3 Ba5 9. Qc4 Bxc3+ 10. Qxc3 Nbd7 11. g4 Qd5 12. Bg2 cxd4 13. Qxd4 Qxd4 14. Nxd4 Nxg4 15. Nb5 0-0 16. Bf4 Nge5 17. Rc1 a6 18. Nd6 Rb8 19. Rc7 b6 20. 0-0 a5 21. b4 axb4 22. axb4 Ng6 23. Bg3 Nf6 24. Nxf7 Ba6 25. Bf3 Nd5 26. Ra7 Ra8 27. Rxa8 Rxa8 28. Nd6 Bc8 29. e4 Nxb4 30. Rb1 Nd3 31. e5 Rb8 32. Be4 Ba6 33. Ra1 Nc5 34. Bxg6 hxg6 35. f4 Bb7 36. Bf2 Bd5 37. Rb1 Nb3 38. Nb5 Nd2 39. Rb2 Ra8 40. Rxd2 Ra1+ 41. Be1 Rxe1+ 42. Kf2 Rh1 43. Ke3 g5 44. Nc7 gxf4+ 45. Kxf4 Rf1+ 46. Kg3 Rg1+ 47. Kf4 g5+ 48. Ke3 Re1+ 49. Kf2 Rxe5 50. Rb2 Rf5+ 51. Kg3 Bc4 52. Rxb6 Kf7 53. h4 gxh4+ 54. Kxh4 Rc5 55. Nxe6 Bxe6 56. Kg3 Kf6 57. Kf4 Rc4+ 58. Ke3 Ke5 59. Rb8 Rc3+ 60. Kd2 Rh3 61. Re8 Kd5 62. Rd8+ Kc4 63. Ke2 Bd5 64. Kf2 Kd4 65. Ke2 Rh2+ 66. Kd1 Ke4 67. Kc1 Bc4 68. Rd7 Bd3 69. Rc7 Kd4 70. Rc8 Bc4 71. Kd1 Kc3 72. Re8 Rf2 73. Re7 Rf8 74. Re3+ Bd3 75. Re7 Rf1+ 76. Re1 Rf2 77. Re7 Ra2 78. Ke1 Kd4 79. Re8 Be4 80. Kd1 Ke3 81. Rc8 Rd2+ 82. Kc1 Rh2 83. Rc7 Rh1+ 84. Kb2 Rb1+ 85. Ka3 Bd5 86. Ka4 Kd4 87. Rh7 Bc6+ 88. Ka3 Bb5 89. Rh2 Kc3 90. Ka2 Rb4 91. Ka1 Bd3 92. Rb2 Rf4 93. Rb3+ Kc4 94. Ka2 Rf1 95. Rb2 Rh1 96. Rb8 Kc3 97. Rb3+ Kc4 98. Rb8 Rh2+ 99. Ka3 Rh1 100. Rb4+ Kc3 101. Rb3+ Kd4 102. Rb8 1/2-1/2

[Event "BL2-Sued 0809"]
[Site "Germany"]
[Date "2009.01.18"]
[Round "5.1"]
[White "Wippermann, Till"]
[Black "Rausis, Igors"]
[Result "1/2-1/2"]
[WhiteElo "2455"]
[BlackElo "2480"]
[PlyCount "120"]
[EventDate "2008.10.05"]
[EventType "team-tourn"]
[EventRounds "9"]
[EventCountry "GER"]
[SourceTitle "CBM 129 Extra"]
[Source "ChessBase"]
[SourceDate "2009.05.05"]
[SourceVersion "2"]
[SourceVersionDate "2009.05.20"]
[SourceQuality "1"]
[WhiteTeam "Heidelberg Kirchheim"]
[BlackTeam "Schwegenheim"]
[WhiteTeamCountry "GER"]
[BlackTeamCountry "GER"]

1. e4 e5 2. Nf3 Nc6 3. Bb5 a6 4. Bxc6 dxc6 5. 0-0 Be6 6. Nxe5 Qd4 7. Nf3 Qxe4 8. Ng5 Qf5 9. Nxe6 fxe6 10. d3 0-0-0 11. Nc3 Nf6 12. Qe2 Bc5 13. Be3 Bd6 14. Bd2 Rhe8 15. Rad1 Be5 16. b3 Bd4 17. Ne4 Nxe4 18. Qxe4 Qxe4 19. dxe4 Rd6 20. Bc1 Red8 21. Rd3 c5 22. Rfd1 b5 23. Kf1 Rf8 24. f3 Be5 25. Ke2 Rxd3 26. cxd3 Kd7 27. Ba3 Bd4 28. Rd2 a5 29. Rc2 Kd6 30. g3 a4 31. bxa4 Ra8 32. Bc1 Rxa4 33. f4 c4 34. dxc4 bxc4 35. Be3 c5 36. Bc1 Kc6 37. Kf3 Rb4 38. g4 c3 39. Ke2 c4 40. f5 exf5 41. gxf5 Be5 42. Be3 Rb1 43. Bf2 g6 44. Bg3 Bd4 45. Be1 gxf5 46. exf5 Ra1 47. Bxc3 Bxc3 48. Rxc3 Rxa2+ 49. Kd1 Kd5 50. Rh3 Ra7 51. Kc2 Ke5 52. Rh5 Kf4 53. h3 Ke5 54. Kc3 Rc7 55. Rg5 Rf7 56. Kxc4 Rxf5 57. Rxf5+ Kxf5 58. Kd3 Kf4 59. Ke2 Kg3 60. Kf1 Kxh3 1/2-1/2

[Event "BL2-Sued 0809"]
[Site "Germany"]
[Date "2008.12.14"]
[Round "4.1"]
[White "Wirig, Anthony"]
[Black "Wippermann, Till"]
[Result "1/2-1/2"]
[WhiteElo "2455"]
[BlackElo "2455"]
[PlyCount "37"]
[EventDate "2008.10.05"]
[EventType "team-tourn"]
[EventRounds "9"]
[EventCountry "GER"]
[SourceTitle "CBM 129 Extra"]
[Source "ChessBase"]
[SourceDate "2009.05.05"]
[SourceVersion "2"]
[SourceVersionDate "2009.05.20"]
[SourceQuality "1"]
[WhiteTeam "Boeblingen"]
[BlackTeam "Heidelberg Kirchheim"]
[WhiteTeamCountry "GER"]
[BlackTeamCountry "GER"]

1. d4 Nf6 2. c4 e6 3. Nf3 d5 4. Nc3 dxc4 5. e4 Bb4 6. Bg5 c5 7. e5 h6 8. exf6 hxg5 9. fxg7 Rg8 10. dxc5 Qxd1+ 11. Rxd1 Rxg7 12. Bxc4 Nc6 13. Ke2 g4 14. Nd4 Nxd4+ 15. Rxd4 Bxc5 16. Bb5+ Ke7 17. Rc4 Bd6 18. Ne4 Be5 19. Rhc1 1/2-1/2

[Event "BL2-Sued 0809"]
[Site "Germany"]
[Date "2008.10.26"]
[Round "2.2"]
[White "Wippermann, Till"]
[Black "Karpatchev, Aleksandr"]
[Result "1-0"]
[WhiteElo "2455"]
[BlackElo "2505"]
[PlyCount "93"]
[EventDate "2008.10.05"]
[EventType "team-tourn"]
[EventRounds "9"]
[EventCountry "GER"]
[SourceTitle "CBM 129 Extra"]
[Source "ChessBase"]
[SourceDate "2009.05.05"]
[SourceVersion "2"]
[SourceVersionDate "2009.05.20"]
[SourceQuality "1"]
[WhiteTeam "Heidelberg Kirchheim"]
[BlackTeam "Bad Mergentheim"]
[WhiteTeamCountry "GER"]
[BlackTeamCountry "GER"]

1. e4 e5 2. Nf3 Nc6 3. Bb5 a6 4. Bxc6 dxc6 5. 0-0 f6 6. d4 Bg4 7. dxe5 Qxd1 8. Rxd1 fxe5 9. Rd3 Bd6 10. Nbd2 b5 11. b3 Nf6 12. Bb2 Nd7 13. h3 Bh5 14. Nh4 0-0 15. Nf5 Nc5 16. Rc3 a5 17. f3 Bg6 18. Nxd6 cxd6 19. Rd1 Rfd8 20. a3 Rac8 21. Nf1 Ne6 22. Rcd3 d5 23. Bxe5 dxe4 24. Rxd8+ Rxd8 25. Rxd8+ Nxd8 26. f4 c5 27. Ne3 b4 28. a4 Bf7 29. Bc7 Nb7 30. Kf2 Kf8 31. Nc4 Ke7 32. Ke3 Bd5 33. Nd2 Kd7 34. Be5 g6 35. Nxe4 Kc6 36. g4 c4 37. bxc4 Bxe4 38. Kxe4 Nc5+ 39. Ke3 Nxa4 40. Bd4 Nc5 41. Bxc5 Kxc5 42. f5 gxf5 43. gxf5 a4 44. f6 Kd6 45. c5+ Ke6 46. c6 a3 47. c7 1-0

[Event "Mainz Ordix op 15th"]
[Site "Mainz"]
[Date "2008.08.02"]
[Round "4"]
[White "Fressinet, Laurent"]
[Black "Wippermann, Till"]
[Result "0-1"]
[WhiteElo "2673"]
[BlackElo "2459"]
[PlyCount "100"]
[EventDate "2008.08.02"]
[EventType "swiss (rapid)"]
[EventRounds "11"]
[EventCountry "GER"]
[SourceTitle "CBM 125 Extra"]
[Source "ChessBase"]
[SourceDate "2008.09.01"]
[SourceVersion "1"]
[SourceVersionDate "2008.09.01"]
[SourceQuality "1"]

1. e4 c5 2. Nf3 Nc6 3. Bb5 g6 4. 0-0 Bg7 5. c3 Nf6 6. e5 Nd5 7. d4 cxd4 8. cxd4 0-0 9. Nc3 Nc7 10. Re1 Nxb5 11. Nxb5 a6 12. Nc3 d6 13. exd6 exd6 14. Bg5 Qa5 15. d5 Ne5 16. Nxe5 dxe5 17. Be7 Re8 18. d6 Be6 19. Qf3 Rab8 20. Rad1 f5 21. Nd5 e4 22. Qb3 Kf7 23. Re2 Be5 24. Qb6 Qxb6 25. Nxb6 Bxa2 26. Nd7 Bg7 27. Nxb8 Rxb8 28. Rc1 Ke6 29. f3 Bd5 30. fxe4 fxe4 31. Rd1 Bc6 32. Bh4 Kd7 33. Rf2 Rf8 34. Rxf8 Bxf8 35. Be1 Bb5 36. Kf2 Bd3 37. Bb4 Bh6 38. Ke1 b6 39. g3 a5 40. Bd2 Bg7 41. Bc3 Bxc3+ 42. bxc3 Kxd6 43. Kd2 Kc5 44. Ra1 Kc4 45. h4 Kb3 46. h5 a4 47. hxg6 hxg6 48. Kc1 a3 49. g4 e3 50. Kd1 Kb2 0-1

[Event "Neuhausen OBM op"]
[Site "Neuhausen"]
[Date "2008.05.24"]
[Round "8"]
[White "Wippermann, Till"]
[Black "Iotov, Valentin"]
[Result "1/2-1/2"]
[WhiteElo "2435"]
[BlackElo "2495"]
[PlyCount "56"]
[EventDate "2008.05.20"]
[EventType "swiss"]
[EventRounds "9"]
[EventCountry "GER"]
[SourceTitle "CBM 124 Extra"]
[Source "ChessBase"]
[SourceDate "2008.07.03"]
[SourceVersion "1"]
[SourceVersionDate "2008.07.03"]
[SourceQuality "1"]

1. e4 c5 2. Nf3 e6 3. d4 cxd4 4. Nxd4 Nc6 5. Nc3 Qc7 6. Be3 a6 7. Qd2 Nf6 8. 0-0-0 Bb4 9. f3 Ne5 10. Nb3 b5 11. Qf2 Be7 12. Bb6 Qb8 13. Bd4 d6 14. g4 0-0 15. Na5 Nfd7 16. f4 Qc7 17. Nb3 b4 18. Na4 Nxg4 19. Qg3 e5 20. Qxg4 exd4 21. Qg2 Nc5 22. Rg1 g6 23. Naxc5 dxc5 24. f5 Rb8 25. Bc4 Rb6 26. Rdf1 Kg7 27. Kd2 Bb7 28. h4 Kh8 1/2-1/2

[Event "Neuhausen OBM op"]
[Site "Neuhausen"]
[Date "2008.05.23"]
[Round "5"]
[White "Hirneise, Tobias"]
[Black "Wippermann, Till"]
[Result "1/2-1/2"]
[WhiteElo "2324"]
[BlackElo "2435"]
[PlyCount "39"]
[EventDate "2008.05.20"]
[EventType "swiss"]
[EventRounds "9"]
[EventCountry "GER"]
[SourceTitle "CBM 124 Extra"]
[Source "ChessBase"]
[SourceDate "2008.07.03"]
[SourceVersion "1"]
[SourceVersionDate "2008.07.03"]
[SourceQuality "1"]

1. e4 c5 2. Nf3 Nc6 3. d4 cxd4 4. Nxd4 g6 5. Nc3 Bg7 6. Be3 Nf6 7. Bc4 Qa5 8. 0-0 0-0 9. Bb3 d6 10. h3 Bd7 11. Re1 Rfe8 12. Qd3 Rad8 13. Nd5 e6 14. Nxf6+ Bxf6 15. Rad1 a6 16. Nxc6 Bxc6 17. Bd4 Bxd4 18. Qxd4 Qc5 19. Rd2 Qxd4 20. Rxd4 1/2-1/2

[Event "BCF-chT4 0708 (4NCL)"]
[Site "England"]
[Date "2008.03.16"]
[Round "8.1"]
[White "Wippermann, Till"]
[Black "Crouch, Colin S"]
[Result "1/2-1/2"]
[WhiteElo "2435"]
[BlackElo "2357"]
[PlyCount "132"]
[EventDate "2007.09.15"]
[EventType "team-swiss"]
[EventRounds "11"]
[EventCountry "ENG"]
[SourceTitle "EXT 2009"]
[Source "ChessBase"]
[SourceDate "2008.11.26"]
[SourceVersion "1"]
[SourceVersionDate "2008.11.26"]
[SourceQuality "1"]
[WhiteTeam "Celtic Tigers"]
[BlackTeam "Braille Chess Association"]
[WhiteTeamCountry "ENG"]
[BlackTeamCountry "ENG"]

1. e4 c5 2. Nf3 e6 3. d4 cxd4 4. Nxd4 Nf6 5. Nc3 d6 6. g3 Be7 7. Bg2 0-0 8. 0-0 a6 9. Be3 Nbd7 10. Qe2 Qc7 11. g4 Ne5 12. g5 Nfg4 13. Bc1 d5 14. h3 Nc6 15. Qxg4 Nxd4 16. Qd1 Nxc2 17. Qxc2 d4 18. e5 dxc3 19. Qxc3 Qxc3 20. bxc3 Bc5 21. Be3 Bxe3 22. fxe3 Rb8 23. Rfd1 b5 24. Rd6 Bb7 25. Bxb7 Rxb7 26. Rxa6 Rc8 27. a4 bxa4 28. R1xa4 Rbc7 29. c4 g6 30. Kf2 Rxc4 31. Kf3 Kg7 32. Ra7 R8c5 33. Rxc4 Rxc4 34. Ra5 Rc1 35. Kf2 h6 36. gxh6+ Kxh6 37. Ra7 Kg7 38. Kg3 Rc5 39. Kf4 Rc4+ 40. e4 Rc1 41. Ra8 Rf1+ 42. Kg4 Rg1+ 43. Kf4 g5+ 44. Kf3 Rf1+ 45. Kg4 Rf4+ 46. Kxg5 Rxe4 47. Ra5 Re1 48. Kf4 Kg6 49. Ra3 Kh5 50. Rb3 Ra1 51. Rb8 Ra4+ 52. Kf3 Kg5 53. Rf8 Rf4+ 54. Ke3 Rf1 55. Ke4 Re1+ 56. Kf3 Ra1 57. Ke4 Ra4+ 58. Kf3 Kg6 59. Rh8 Kg7 60. Rh5 Ra1 61. Kg4 Rg1+ 62. Kf4 Kg6 63. Rh8 Rf1+ 64. Kg4 Rf5 65. Rg8+ Kh6 66. Rh8+ Kg6 1/2-1/2

[Event "BL2-Sued 0708"]
[Site "Germany"]
[Date "2008.03.09"]
[Round "7.1"]
[White "Wippermann, Till"]
[Black "Krasenkow, Michal"]
[Result "0-1"]
[WhiteElo "2438"]
[BlackElo "2660"]
[PlyCount "102"]
[EventDate "2007.10.21"]
[EventType "team-tourn"]
[EventRounds "9"]
[EventCountry "GER"]
[SourceTitle "EXT 2009"]
[Source "ChessBase"]
[SourceDate "2008.11.26"]
[SourceVersion "1"]
[SourceVersionDate "2008.11.26"]
[SourceQuality "1"]
[WhiteTeam "Heidelberg Kirchheim"]
[BlackTeam "Baden-Baden II"]
[WhiteTeamCountry "GER"]
[BlackTeamCountry "GER"]

1. e4 Nf6 2. e5 Nd5 3. c4 Nb6 4. d4 d6 5. exd6 exd6 6. Nc3 Nc6 7. Nf3 Be7 8. Bd3 Bg4 9. Be3 0-0 10. 0-0 f5 11. c5 dxc5 12. dxc5 Bxf3 13. gxf3 Nd7 14. b4 Nde5 15. Be2 f4 16. Bc1 Qxd1 17. Rxd1 Nxb4 18. Rb1 Bxc5 19. Ne4 b6 20. Nxc5 bxc5 21. a3 Nbc6 22. Rb5 Rf5 23. Kf1 Nd4 24. Rxc5 Nxe2 25. Kxe2 Re8 26. Kf1 Rf7 27. Re1 Rfe7 28. Bxf4 Nd3 29. Rxe7 Rxe7 30. Rc4 Nxf4 31. Rxf4 c5 32. Rf5 Rc7 33. Ke2 g6 34. Rd5 Kf7 35. Kd3 Ke6 36. Kc4 Rf7 37. Rxc5 Rxf3 38. Rc7 h5 39. Rxa7 Rxf2 40. h3 Rf3 41. a4 Rxh3 42. a5 h4 43. a6 Ra3 44. Kb5 g5 45. Rh7 Kf5 46. a7 h3 47. Kb6 Kg4 48. Rh8 Rxa7 49. Kxa7 Kg3 50. Kb6 g4 51. Kc5 Kh2 0-1

[Event "Gibraltar Masters 6th"]
[Site "Gibraltar"]
[Date "2008.01.25"]
[Round "4"]
[White "Wippermann, Till"]
[Black "Kozlov, Oleg"]
[Result "1/2-1/2"]
[WhiteElo "2435"]
[BlackElo "2144"]
[PlyCount "131"]
[EventDate "2008.01.22"]
[EventType "swiss"]
[EventRounds "10"]
[EventCountry "ENG"]
[SourceTitle "CBM 122 Extra"]
[Source "ChessBase"]
[SourceDate "2008.03.04"]
[SourceVersion "1"]
[SourceVersionDate "2008.03.04"]
[SourceQuality "1"]

1. e4 c5 2. Nf3 e6 3. d4 cxd4 4. Nxd4 a6 5. Bd3 Qb6 6. Nb3 Qc7 7. Be3 Nf6 8. Qe2 d6 9. 0-0 Nbd7 10. f4 Be7 11. a4 b6 12. Nc3 Bb7 13. Nd4 g6 14. Nf3 0-0 15. Rae1 Nc5 16. Bd4 d5 17. exd5 Nxd5 18. Nxd5 Bxd5 19. Bc4 Rfd8 20. Be5 Qb7 21. Bxd5 Rxd5 22. b3 b5 23. axb5 axb5 24. c4 bxc4 25. bxc4 Rd3 26. Rb1 Qd7 27. Rfd1 Rd8 28. Rxd3 Nxd3 29. Bd4 Bc5 30. Bxc5 Nxc5 31. Qe3 Qc7 32. g3 Rc8 33. Ne5 Nd7 34. Nxd7 Qxd7 35. Rc1 Ra8 36. Qf2 Ra6 37. h4 h5 38. Kh2 Qc6 39. c5 Qa8 40. Rc2 Qd5 41. Qg2 Qxg2+ 42. Kxg2 Kf8 43. Kf3 Ra3+ 44. Ke4 Ke7 45. c6 Ra8 46. Rd2 Ra4+ 47. Ke3 Ra3+ 48. Ke4 Ra4+ 49. Ke3 Ra7 50. Kd4 Kd6 51. Ke4+ Kxc6 52. Ke5 Ra3 53. Kf6 Rxg3 54. Kxf7 Rg4 55. Kxe6 Rxf4 56. Rg2 Rg4 57. Rc2+ Kb5 58. Kf6 Kb4 59. Rc8 Kb3 60. Rc7 Kb2 61. Rc8 Rxh4 62. Kxg6 Rh1 63. Kg5 h4 64. Kg4 h3 65. Kg3 Kb3 66. Rc7 1/2-1/2

[Event "BCF-chT4 0708 (4NCL)"]
[Site "England"]
[Date "2007.10.28"]
[Round "2.1"]
[White "Pedersen, Carsten"]
[Black "Wippermann, Till"]
[Result "0-1"]
[WhiteElo "2141"]
[BlackElo "2438"]
[PlyCount "60"]
[EventDate "2007.09.15"]
[EventType "team-swiss"]
[EventRounds "11"]
[EventCountry "ENG"]
[SourceTitle "EXT 2009"]
[Source "ChessBase"]
[SourceDate "2008.11.26"]
[SourceVersion "1"]
[SourceVersionDate "2008.11.26"]
[SourceQuality "1"]
[WhiteTeam "Athenaeum"]
[BlackTeam "Celtic Tigers"]
[WhiteTeamCountry "ENG"]
[BlackTeamCountry "ENG"]

1. e4 c5 2. Nc3 Nc6 3. g3 g6 4. Bg2 Bg7 5. d3 d6 6. f4 e5 7. Nf3 Nge7 8. 0-0 0-0 9. f5 gxf5 10. Nh4 fxe4 11. dxe4 f6 12. Nd5 Nxd5 13. Qxd5+ Kh8 14. c3 Ne7 15. Qd3 Qb6 16. Be3 Be6 17. c4 Rab8 18. Rad1 Rfd8 19. Rf2 a6 20. Rfd2 Qc7 21. Bf1 b5 22. Qc2 Nc6 23. Nf5 Bf8 24. b3 Nd4 25. Bxd4 cxd4 26. g4 Rdc8 27. h4 Qa7 28. Kh1 bxc4 29. Bxc4 Bxc4 30. bxc4 Rb4 0-1

[Event "Sanxenxo op 4th"]
[Site "Sanxenxo"]
[Date "2007.06.23"]
[Round "8"]
[White "De la Villa Garcia, Jesus Maria"]
[Black "Wippermann, Till"]
[Result "1/2-1/2"]
[WhiteElo "2457"]
[BlackElo "2410"]
[PlyCount "40"]
[EventDate "2007.06.16"]
[EventType "swiss"]
[EventRounds "9"]
[EventCountry "ESP"]
[SourceTitle "CBM 118 Extra"]
[Source "ChessBase"]
[SourceDate "2007.07.04"]
[SourceVersion "1"]
[SourceVersionDate "2007.07.04"]
[SourceQuality "1"]

1. e4 c5 2. Nf3 Nc6 3. d4 cxd4 4. Nxd4 g6 5. c4 Bg7 6. Be3 Nf6 7. Nc3 0-0 8. Be2 d6 9. Nc2 Be6 10. f3 Nd7 11. Qd2 Qa5 12. Nd5 Qxd2+ 13. Kxd2 Rfc8 14. Rab1 a5 15. b3 Bxd5 16. exd5 Nb4 17. a4 Nc5 18. Nd4 e6 19. dxe6 Nxe6 20. Nxe6 fxe6 1/2-1/2